000 00782nam a2200241Ia 4500
003 OSt
005 20220923213715.0
006 a|||||r|||| 00| 0
007 ta
008 220922b |||||||| |||| 00| 0 hin d
024 _a164,150
037 _cTextual
040 _aARTS
_cARTS
_bhin
041 _2hin
_ahin
082 _aO152,1M89,18:g, J8
100 _aमिश्र, शिवकुमार
245 0 _aकामायनी और प्रसाद की कविता गंगा
246 _aKāmāyanī aur prasād kī kavitā gangā
260 _c1958
650 _aहिन्दी साहित्य
_9156264
942 _hO152,1M89,18:g, J8
_cTEXL
_2CC
999 _c318630
_d318630